Axdiga cusub oo Rabbigeena iyo Badbaadiy (Record no. 42958)
[ view plain ]
| 000 -LEADER | |
|---|---|
| fixed length control field | 00520nam a22001691a 4500 |
| 020 ## - INTERNATIONAL STANDARD BOOK NUMBER | |
| Terms of availability | 0.00 |
| 040 ## - CATALOGING SOURCE | |
| Original cataloging agency | NEGST Library - Kenya |
| 050 ## - LIBRARY OF CONGRESS CALL NUMBER | |
| Classification number | BS 325.S66 1976 |
| 245 ## - TITLE STATEMENT | |
| Title | Axdiga cusub oo Rabbigeena iyo Badbaadiy |
| Medium | [Text] |
| 260 ## - PUBLICATION, DISTRIBUTION, ETC. (IMPRINT) | |
| Place of publication, distribution, etc | Nairobi, Kenya |
| Name of publisher, distributor, etc | Bible Society of Kenya |
| Date of publication, distribution, etc | c1976 |
| 300 ## - PHYSICAL DESCRIPTION | |
| Extent | 454 p.; |
| 500 ## - GENERAL NOTE | |
| General note | [Africana] |
| 600 ## - SUBJECT ADDED ENTRY--PERSONAL NAME | |
| Personal name | Bible. N. T. Somali language - Texts |
| 600 ## - SUBJECT ADDED ENTRY--PERSONAL NAME | |
| Personal name | Somali Language - Texts |
| 852 ## - LOCATION/CALL NUMBER | |
| -- | 15.00 |
| Withdrawn status | Lost status | Source of classification or shelving scheme | Damaged status | Not for loan | Collection code | Home library | Current library | Shelving location | Date acquired | Source of acquisition | Cost, normal purchase price | Total Checkouts | Full call number | Barcode | Date last seen | Copy number | Price effective from | Koha item type |
|---|---|---|---|---|---|---|---|---|---|---|---|---|---|---|---|---|---|---|
| Library of Congress Classification | Special Collection | AIU/NEGST - Tony Wilmot Memorial Library | AIU/NEGST - Tony Wilmot Memorial Library | Special Collection | 02/12/2010 | Donation- SIL | 15.00 | S BS 325.S66 1976 | R36825L3232 | 09/26/2019 | 1 | 02/12/2010 | Special Collection | |||||
| Library of Congress Classification | General Circulation | AIU/NEGST - Tony Wilmot Memorial Library | AIU/NEGST - Tony Wilmot Memorial Library | General Stacks | 07/01/2010 | Donation | 15.00 | BS 325.S66 1976 | R40862Y3232 | 09/26/2019 | 1 | 07/01/2010 | Books |
